000 00612nam a2200229Ia 4500
005 20250108124806.0
008 008 250107s9999 xx 000 0 eng d
020 _a978-93-51790-51-8
037 _aTB
040 _aCRL
_beng
_cCRL
041 _aper
_2eng
084 _aO152,1M96:g P8
084 _qCRL
100 _aBrahman Chander Bhan Au.
_9729839
245 0 _aGuldasta
_cBrahman Chander Bhan Au.
260 _aDelhi, New Delhi
_bGreat book
_c2212
300 _a109p.
365 _aINR
_b65
650 _aPERSIAN POETRY
942 _cTB
_hO152,1M96:g P8
999 _c1234600
_d1234600